LEADER 02577nam 2200577Ia 450 001 9910458080003321 005 20200520144314.0 010 $a1-58729-947-X 035 $a(CKB)2560000000054931 035 $a(EBL)843279 035 $a(OCoLC)699521059 035 $a(SSID)ssj0000468368 035 $a(PQKBManifestationID)11305730 035 $a(PQKBTitleCode)TC0000468368 035 $a(PQKBWorkID)10497446 035 $a(PQKB)10266719 035 $a(MiAaPQ)EBC843279 035 $a(MdBmJHUP)muse3024 035 $a(Au-PeEL)EBL843279 035 $a(CaPaEBR)ebr10438144 035 $a(EXLCZ)992560000000054931 100 $a20100402e20101952 ub 0 101 0 $aeng 135 $aur|n|---||||| 181 $ctxt 182 $cc 183 $acr 200 14$aThe desert year$b[electronic resource] /$fJoseph Wood Krutch ; decorations by Rudolf Freund 205 $a1st University of Iowa Press ed. 210 $aIowa City $cUniversity of Iowa Press$d2010 215 $a1 online resource (280 p.) 225 1 $aSightline books 300 $aOriginally published: New York : W. Sloane Associates, c1952. 311 $a1-58729-901-1 327 $aContents; Why I Came; What It Looks Like; How to See It; How Some Others Live There; Desert Rain; What the Desert Is Good For; The Contemplative Toad; From a Mountaintop; The Individual and the Species; In Search of an Autumn; Tour of Inspection; The Metaphor of the Grasslands; Spring; A Bird in the Bush; Undiscovered Country; Postscript 330 $a Now back in print, Joseph Wood Krutch's Burroughs Award-winning The Desert Year is as beautiful as it is philosophically profound. Although Krutch-often called the Cactus Walden-came to the desert relatively late in his life, his curiosity and delight in his surroundings abound throughout The Desert Year, whether he is marveling at the majesty of the endless dry sea, at flowers carpeting the desert floor, or at the unexpected appearance of an army of frogs after a heavy rain. Krutch's trenchant observations about life prospering in the hostile environm 410 0$aSightline books. 606 $aNatural history$zSouthwest, New 606 $aDesert ecology$zSouthwest, New 608 $aElectronic books. 615 0$aNatural history 615 0$aDesert ecology 676 $a508.79 700 $aKrutch$b Joseph Wood$f1893-1970.$0131967 801 0$bMiAaPQ 801 1$bMiAaPQ 801 2$bMiAaPQ 906 $aBOOK 912 $a9910458080003321 996 $aThe desert year$92048250 997 $aUNINA LEADER 01730nam 2200457 a 450 001 9910696398003321 005 20071217130241.0 035 $a(CKB)5470000002376847 035 $a(OCoLC)184735298 035 $a(EXLCZ)995470000002376847 100 $a20071217d2007 ua 0 101 0 $aeng 135 $aurmn||||||||| 181 $ctxt$2rdacontent 182 $cc$2rdamedia 183 $acr$2rdacarrier 200 10$aBorder security$b[electronic resource] $edespite progress, weaknesses in traveler inspections exist at our Nation's ports of entry : report to congressional requesters 210 1$a[Washington, D.C.] :$cU.S. Govt. Accountability Office,$d[2007] 215 $aii, 67 pages $cdigital, PDF file 300 $aTitle from title screen (viewed on Dec. 12, 2007). 300 $a"November 2007." 300 $aPaper version available from: U.S. Govt. Accountability Office, 441 G St., NW, Rm. LM, Washington, D.C. 20548. 300 $a"GAO-08-219." 320 $aIncludes bibliographical references. 517 $aBorder security 606 $aVisitors, Foreign$xGovernment policy$zUnited States 606 $aVisitors, Foreign$zUnited States$xIdentification 606 $aPorts of entry$xSecurity measures$zUnited States 606 $aNational security$zUnited States 606 $aTerrorism$zUnited States$xPrevention 615 0$aVisitors, Foreign$xGovernment policy 615 0$aVisitors, Foreign$xIdentification. 615 0$aPorts of entry$xSecurity measures 615 0$aNational security 615 0$aTerrorism$xPrevention. 801 0$bGPO 801 1$bGPO 906 $aBOOK 912 $a9910696398003321 996 $aBorder security$93423087 997 $aUNINA LEADER 02936nam0-2200445---450 001 9910370858703321 005 20241119095830.0 012 $aess. e.it eset nefo (3) 1828 (A)$2fei$5IT-NA0338: O a 47 (1 012 $aesrs ten- s.as deco (3) 1829 (A)$2fei$5IT-NA0338: O a 47 (2 100 $a20200210g18251830km-y0itay50------ba 101 0 $afre 102 $aFR 140 $aa-----------------bb0------- 200 1 $aVoyage autour du monde, exécuté par ordre du roi, sur la corvette de Sa Majesté, La Coquille, pendant les années 1822, 1823, 1824 et 1825, sous le ministère et conformément aux instructions de S.E.M. le marquis de Clermont-Tonnerre, ministre de la marine ... par M. L.I. Duperrey 210 $aParis$cArthus Bertrand, Libraire-éditeur, Rue Hautefeuille, N° 23$d1825-1830$e[Parigi]$gimprimerie de Firmin Didot, imprimeur du roi, rue Jacob, N° 24 215 $av.$d4° 306 $aIndicazione di stampa sul verso degli occhietti 307 $aSegn.: ?² 1-38? (v. [1.1.]) 307 $aSegn.: ?² 1-29? (v. [1.2.]) 307 $a[1.1.].: [4], 301, [3] p. ; [1.2.].: [4], 232 p. ; [1.3.].: 38 [i.e. 39 per la presenza di 1 c. di tav. numerate 38 bis], 78 [i.e. 79 per la presenza di 2 cc. di tav. numerate 30] c. di tav. : ill. ; fol. 316 $aMutilo dal fasc. 22?$5IT-NA0338: O a 47 (2 316 $aMutilo del piatto anteriore, del dorso e delle cc. di tav. 23, 44, 57-59, 62-67, 74, 76-77$5IT-NA0338: Q a 20 327 0 $a[1.1.].: Botanique ... Cryptogamie. Par m. Bory de St-Vincent$a[1.2.].: Botanique ... Phanérogamie. Par m. Ad. Brongniart$a[1.3.]: Histoire naturelle, Botanique, Atlas 700 1$aDumont d'Urville,$bJules-Sébastien-César$f<1790-1842>$0781050 701 1$aBory de Saint Vincent,$bJean Baptiste Genevieve Marcellin$0763395 701 1$aBrongniart,$bAdolphe Théodore$f<1801-1876>$0301055 702 1$aDuperrey,$bLouis Isidore$f<1786-1865> 719 00$aArthus-Bertrand,$gClaude$4650 719 00$aDidot,$gFirmin$4610 801 0$aIT$bUNINA$gREICAT$2UNIMARC 856 4 $zVisualizza la versione elettronica in SBNWeb$uhttps://books.google.it/books?id=8eRVbDs-TBsC&printsec=frontcover&hl=it&source=gbs_ge_summary_r&cad=0#v=onepage&q&f=false$e20200225 856 4 $zVisualizza la versione elettronica in SBNWeb$uhttps://books.google.it/books?id=w9cITa88gYAC&printsec=frontcover&hl=it&source=gbs_ge_summary_r&cad=0#v=onepage&q&f=false$e20200225 901 $aAQ 912 $a9910370858703321 952 $aO a 47 (1$b2976 a$fDBV 952 $aO a 47 (2$b2976 b$fDBV 952 $aQ a 20$b2976$fDBV 959 $aDBV 996 $aVoyage autour du monde, exécuté par ordre du roi, sur la corvette de Sa Majesté, La Coquille, pendant les années 1822, 1823, 1824 et 1825, sous le ministère et conformément aux instructions de S.E.M. le marquis de Clermont-Tonnerre, ministre de la marine ... par M. L.I. Duperrey$91733381 997 $aUNINA